000 00860nam a2200193 i 4500
001 159154
003 ES-MaACL
005 20230906211451.0
008 040929s1896 fr c |||| | fre d
040 _aCAM
_bspa
_cCAM
100 1 _aMatignon, J. J.
_979069
245 1 4 _aLes eunuques du Palais Impérial a Pékin /
_cpar Le Dr. J.-J. Matignon.
260 _aParis :
_b[s.n.],
_c1896.
300 _a12 p., [1] h. de lam. ;
_c23 cm.
500 _aExtrait des Bulletins de la Société d'Anthropologie de Paris, tome VII (IVe sèrie)
599 _aLa h. de lam. representa a un eunuco: "Phototypie Charles Chambon. Bordeaux."
650 4 _aEunucos.
_9136073
852 _aES-MaACL
_jT-833-F-1
_z-- Enc. hol. conservando la cub. original
_z-- Enc. en un vol. facticio
_z.- Dedicatoria del autor a Mr. de Calogan
_z.- Sello de la Legación de España en China
999 _c159154
_d159154